000 00439nam a2200157 i 4500
001 146657
003 ES-MaACL
005 20230906201625.0
007 t|
008 070913s1953 sp ||||1| spa d
100 1 _aTriadú, Joan.
_9111362
245 1 0 _aCáncer en el colón y recto /
_cJ. Triadú.
260 _aBarcelona :
_bPlaza & Janés,
_c1953.
300 _aXVII, 268 p. :
_bil. ;
_c22 cm.
852 _aES-MaACL
_jD-9124
_bR.34241
999 _c146657
_d146657